000 00572nam a2200193 i 4500
001 67907
003 ES-MaACL
005 20230906170152.0
007 t|
008 040216s1948 sp ||||1| spa d
100 1 _aGallego Díaz, José.
_953559
245 1 0 _aProblemas de cálculo de probabilidades /
_cpor J. Gallego Díaz.
260 _aMadrid :
_bHispano-Argentinas,
_c[1948] (
_fTip. Artística)
300 _a119 p. :
_bil. ;
_c19 cm.
490 1 _aProblemas
830 0 _aProblemas
_9230919
852 _aES-MaACL
_j1896-F-1
_bR.26934
999 _c67907
_d67907